[Event "ch-RUS Rapid Women 2017"]
[Site "Sochi RUS"]
[Date "2017.09.30"]
[Round "1.1"]
[White "Pogonina, Natalija"]
[Black "Potapova, Margarita"]
[Result "1/2-1/2"]
[WhiteTitle "WGM"]
[BlackTitle "WFM"]
[WhiteElo "2466"]
[BlackElo "2187"]
[WhiteFideId "4147855"]
[BlackFideId "14126869"]
[EventDate "2017.09.30"]

1. d4 Nf6 2. Nf3 e6 3. e3 d5 4. c4 c5 5. cxd5 exd5 6. Nc3 Nc6 7. Be2 Be7 8. O-O
O-O 9. b3 Bg4 10. dxc5 Bxc5 11. Bb2 a6 12. Rc1 Ba7 13. h3 Bh5 14. Nd4 Bxd4 15.
Bxh5 Nxh5 16. Qxh5 g6 17. Qf3 Bg7 18. Rfd1 d4 19. exd4 Nxd4 20. Qxb7 Qh4 21. Re1
Rfb8 22. Qe4 Qxe4 23. Rxe4 a5 24. Na4 Ne6 25. Bxg7 Kxg7 26. Re5 Rd8 27. Rc2 Rd1+
28. Kh2 h5 29. h4 Rd4 30. g3 Rd1 31. Kg2 Ra1 32. Rd2 Kf6 33. Rb5 Ra7 34. Rb6 Kg7
35. Rc6 Re1 36. Nc3 Rc1 37. Rc4 Rb7 38. Ne4 Re1 39. Nd6 Ra7 40. Rd5 Re2 41. Ra4
Rc7 42. Nc4 Nc5 43. Rxa5 Ne4 44. Kf3 Nc3 45. Re5 Rxa2 46. Rxa2 Nxa2 47. Rb5 Nc1
48. Rb6 Nxb3 49. Nd6 Nd4+ 50. Ke4 Rc6 51. Ne8+ Kf8 52. Rb8 Ne6 53. Nc7+ Kg7 54.
Nxe6+ 1/2-1/2

[Event "ch-RUS Rapid Women 2017"]
[Site "Sochi RUS"]
[Date "2017.09.30"]
[Round "1.2"]
[White "Shafigullina, Zarina"]
[Black "Goryachkina, Aleksandra"]
[Result "0-1"]
[WhiteTitle "WFM"]
[BlackTitle "WGM"]
[WhiteElo "2130"]
[BlackElo "2478"]
[WhiteFideId "24174220"]
[BlackFideId "4147103"]
[EventDate "2017.09.30"]

1. d4 d5 2. Nf3 Nf6 3. g3 e6 4. Bg2 Be7 5. O-O O-O 6. c4 c6 7. Qc2 Nbd7 8. b3 b6
9. Ba3 Bxa3 10. Nxa3 Ba6 11. Rac1 Rc8 12. Qb1 Qe7 13. b4 c5 14. dxc5 bxc5 15. b5
Bb7 16. Nd2 Nb6 17. e4 dxe4 18. Nxe4 Nxe4 19. Bxe4 h6 20. Rfd1 Rfd8 21. Qc2 Bxe4
22. Qxe4 Rd7 23. Nc2 Rcd8 24. Rxd7 Rxd7 25. Ne3 Qf6 26. Rc2 Qd4 27. Qc6 Qd6 28.
Qf3 Rd8 29. Rc1 Qc7 30. Rc2 Rd4 31. Kg2 Nd7 32. Qa8+ Kh7 33. Qe8 Ne5 34. Qa8 Rd8
35. Qe4+ f5 36. Nxf5 exf5 37. Qxf5+ Kh8 38. Re2 Nxc4 39. Re6 Qb7+ 40. Kh3 Qd7
41. f3 Ne3 42. Qe5 Re8 43. Qxe3 Qxe6+ 0-1

[Event "ch-RUS Rapid Women 2017"]
[Site "Sochi RUS"]
[Date "2017.09.30"]
[Round "1.3"]
[White "Voit, Daria"]
[Black "Protopopova, Anastasiya"]
[Result "1-0"]
[WhiteTitle "FM"]
[BlackTitle "WFM"]
[WhiteElo "2387"]
[BlackElo "2152"]
[WhiteFideId "4182146"]
[BlackFideId "24172073"]
[EventDate "2017.09.30"]

1. d4 d5 2. c4 c6 3. Nc3 dxc4 4. e4 b5 5. a4 b4 6. Na2 e6 7. Bxc4 Nf6 8. e5 Nd5
9. Nf3 Be7 10. O-O O-O 11. Qe2 a5 12. Bd2 Ba6 13. Nc1 Qb6 14. Nb3 Nd7 15. Rfc1
Bxc4 16. Qxc4 Rfc8 17. Bg5 Bf8 18. Be3 Nxe3 19. fxe3 c5 20. d5 exd5 21. Qxd5 Qc6
22. Qxc6 Rxc6 23. Nbd2 Nb6 24. Nc4 Nxc4 25. Rxc4 Rd8 26. Kf2 g6 27. Ke2 Rc7 28.
Rd1 Rxd1 29. Kxd1 Rd7+ 30. Kc2 Be7 31. Re4 Rc7 32. Nd2 Kf8 33. Nb3 Ke8 34. Kd3
Kd7 35. Nxa5 Ke6 36. Kc4 Kf5 37. Rf4+ Ke6 38. Kb5 Bg5 39. Rf3 Kd5 40. b3 Bd8 41.
Rf1 Bg5 42. Nc4 Rb7+ 43. Ka6 Re7 44. Rd1+ Ke4 45. a5 h5 46. Kb5 h4 47. h3 Rb7+
48. Kc6 Ra7 49. Kb6 1-0

[Event "ch-RUS Rapid Women 2017"]
[Site "Sochi RUS"]
[Date "2017.09.30"]
[Round "1.4"]
[White "Tsepennikova, Tatyana"]
[Black "Bodnaruk, Anastasia"]
[Result "0-1"]
[WhiteTitle "WFM"]
[BlackTitle "IM"]
[WhiteElo "1982"]
[BlackElo "2432"]
[WhiteFideId "4153901"]
[BlackFideId "4181751"]
[EventDate "2017.09.30"]

1. d4 Nf6 2. Nf3 g6 3. Bg5 Bg7 4. Nbd2 d5 5. e3 O-O 6. Bd3 c5 7. c3 b6 8. O-O
Bb7 9. a4 Nbd7 10. a5 Ne4 11. Bf4 h6 12. h3 e6 13. Bb5 bxa5 14. Qa4 Nb6 15. Qxa5
Qe7 16. Nxe4 dxe4 17. Ne5 Rfc8 18. Rfd1 c4 19. Ba6 Kh7 20. Bxb7 Qxb7 21. Qa6 Qe7
22. Qa3 Qe8 23. f3 exf3 24. Nxf3 Nd5 25. Re1 Nxf4 26. exf4 Qd7 27. Ne5 Qb7 28.
Rab1 Rab8 29. Qa4 Qc7 30. Re2 Rb7 31. Ra1 f6 32. Nf3 Qxf4 33. Rxe6 Rxb2 34. Qd7
Rc7 35. Qd8 Rcb7 36. Re7 Rxg2+ 0-1

[Event "ch-RUS Rapid Women 2017"]
[Site "Sochi RUS"]
[Date "2017.09.30"]
[Round "1.5"]
[White "Nechaeva, Marina"]
[Black "Getman, Tatyana"]
[Result "1-0"]
[WhiteTitle "IM"]
[WhiteElo "2431"]
[BlackElo "2014"]
[WhiteFideId "4149351"]
[BlackFideId "34166146"]
[EventDate "2017.09.30"]

1. d4 d5 2. c4 Nf6 3. cxd5 Nxd5 4. e4 Nf6 5. Nc3 e6 6. Nf3 Bb4 7. Bd3 c5 8. a3
Ba5 9. dxc5 Bxc3+ 10. bxc3 Qa5 11. O-O Qxc5 12. a4 Nc6 13. Ba3 Qa5 14. Rb1 Qc7
15. Qd2 h6 16. e5 Nd5 17. c4 Nde7 18. Bd6 Qa5 19. Qe2 O-O 20. Qe4 g6 21. Qh4 Kh7
22. Bxe7 Nxe7 23. Qxe7 Kg8 24. Rfd1 Qxa4 25. h4 Qe8 26. Qf6 Qd8 27. Qf4 Kg7 28.
Be4 Qe7 29. Nh2 a5 30. g3 h5 31. Qd2 a4 32. Nf3 a3 33. Ra1 Ra7 34. Qe3 Ra5 35.
Qc3 b6 36. Rd6 Qc7 37. Rxa3 Rxa3 38. Qxa3 Qxc4 39. Bd3 Qc7 40. Be4 Qc4 41. Ng5
b5 42. Qf3 f5 43. exf6+ Rxf6 44. Qe3 b4 45. Rb6 Ba6 46. Bg2 Bc8 47. Qe5 1-0

[Event "ch-RUS Rapid Women 2017"]
[Site "Sochi RUS"]
[Date "2017.09.30"]
[Round "1.6"]
[White "Goltseva, Ekaterina"]
[Black "Kashlinskaya, Alina"]
[Result "0-1"]
[WhiteTitle "WFM"]
[BlackTitle "IM"]
[WhiteElo "2214"]
[BlackElo "2446"]
[WhiteFideId "24173770"]
[BlackFideId "4198026"]
[EventDate "2017.09.30"]

1. d4 Nf6 2. c4 g6 3. Nc3 Bg7 4. e4 d6 5. Nge2 O-O 6. Ng3 e5 7. d5 a5 8. Be2 Na6
9. h4 h5 10. Bg5 Qe8 11. Qd2 Nc5 12. Rg1 Nh7 13. Bh6 Qe7 14. Be3 a4 15. Rh1 Bd7
16. Bxc5 dxc5 17. a3 Nf6 18. O-O-O Kh7 19. Kb1 Bh6 20. Qd3 Ne8 21. d6 cxd6 22.
Nd5 Qd8 23. Ka1 Rb8 24. Qc2 Nf6 25. Nc3 Bc6 26. Nxa4 Ra8 27. Nc3 Ne8 28. Nf1 Nc7
29. Qd3 Ne6 30. Qxd6 Qf6 31. Nd5 Qxf2 32. Bf3 Nd4 33. Nh2 Qc2 0-1

[Event "ch-RUS Rapid Women 2017"]
[Site "Sochi RUS"]
[Date "2017.09.30"]
[Round "1.7"]
[White "Girya, Olga"]
[Black "Markelova, Lubov"]
[Result "1-0"]
[WhiteTitle "WGM"]
[BlackTitle "WFM"]
[WhiteElo "2505"]
[BlackElo "2115"]
[WhiteFideId "4195752"]
[BlackFideId "24131369"]
[EventDate "2017.09.30"]

1. d4 d5 2. Nf3 Nf6 3. c4 c6 4. e3 e6 5. b3 Nbd7 6. Nbd2 b6 7. Bd3 Bb7 8. O-O
Be7 9. Bb2 O-O 10. Ne5 c5 11. f4 g6 12. Qe2 Rc8 13. Rad1 Qc7 14. Ndf3 Rcd8 15.
Ng5 Nxe5 16. fxe5 Ne4 17. Nxe4 dxe4 18. Bb1 h5 19. Qf2 Qc6 20. Qg3 Qe8 21. Rf4
b5 22. Rdf1 bxc4 23. bxc4 Bc6 24. Bxe4 Bxe4 25. Rxe4 Rb8 26. Ba1 Qc6 27. Ref4
cxd4 28. Bxd4 Rb4 29. Bxa7 Rxc4 30. Rxc4 Qxc4 31. Qf2 Bc5 32. Bxc5 Qxc5 33. Qf4
Qa3 34. Qf2 Qc5 35. h3 Qxe5 36. Qf3 Qb2 37. a4 Qa3 38. Qf4 e5 39. Qe4 Rc8 40.
Kh2 Qc5 41. Rf6 Kg7 42. Ra6 Rc7 43. Ra8 f5 44. Qd3 e4 45. Qd2 Qe5+ 46. Kg1 Qa1+
47. Kh2 Qe5+ 48. Kg1 Qa1+ 49. Kf2 Qc3 50. Qd6 Qb2+ 51. Kg3 Rf7 52. Ra6 Qf6 53.
Qxf6+ 1-0

[Event "ch-RUS Rapid Women 2017"]
[Site "Sochi RUS"]
[Date "2017.09.30"]
[Round "1.8"]
[White "Pischal, Yulia"]
[Black "Vasilevich, Tatjana"]
[Result "0-1"]
[WhiteTitle "WFM"]
[BlackTitle "IM"]
[WhiteElo "1963"]
[BlackElo "2360"]
[WhiteFideId "14102390"]
[BlackFideId "14101610"]
[EventDate "2017.09.30"]

1. d4 Nf6 2. Bg5 Ne4 3. Bf4 d5 4. f3 Nf6 5. c4 e6 6. Nc3 Bb4 7. Rc1 c5 8. dxc5
Bxc5 9. cxd5 exd5 10. Nxd5 Nxd5 11. Rxc5 Nxf4 12. Qa4+ Nd7 13. Re5+ Ne6 14. e4
O-O 15. Rd5 Nb8 0-1

[Event "ch-RUS Rapid Women 2017"]
[Site "Sochi RUS"]
[Date "2017.09.30"]
[Round "1.9"]
[White "Kovanova, Baira"]
[Black "Miroshnik, Ekaterina"]
[Result "1/2-1/2"]
[WhiteTitle "WGM"]
[BlackTitle "WFM"]
[WhiteElo "2368"]
[BlackElo "2006"]
[WhiteFideId "4164083"]
[BlackFideId "34127698"]
[EventDate "2017.09.30"]

1. Nf3 d5 2. g3 e6 3. Bg2 Nf6 4. O-O c5 5. d3 Be7 6. Nbd2 O-O 7. e4 Nc6 8. Qe2
a6 9. c3 b5 10. Re1 Bb7 11. Nf1 dxe4 12. dxe4 Na5 13. e5 Nd5 14. N1d2 Qc7 15. h4
c4 16. Nd4 b4 17. Nb1 bxc3 18. bxc3 Nb6 19. Bg5 Bc5 20. Nf3 h6 21. Bc1 Rfd8 22.
Nbd2 Be7 23. Ne4 Na4 24. Qc2 Nc5 25. Nxc5 Bxc5 26. Be3 Bxe3 27. Rxe3 Rd7 28. Qa4
Bc6 29. Qa3 Rad8 30. Rae1 Rd3 31. Qc5 R8d5 32. Qb4 Rxe3 33. Rxe3 Rd3 34. Qc5 Rd5
35. Qb4 Rd3 36. Qc5 Rd5 37. Qb4 Rd3 1/2-1/2

[Event "ch-RUS Rapid Women 2017"]
[Site "Sochi RUS"]
[Date "2017.09.30"]
[Round "1.10"]
[White "Faizutdinova, Diana"]
[Black "Gritsayeva, Oksana"]
[Result "0-1"]
[BlackTitle "WFM"]
[WhiteElo "2046"]
[BlackElo "2373"]
[WhiteFideId "24143731"]
[BlackFideId "14104652"]
[EventDate "2017.09.30"]

1. c4 e6 2. e4 c5 3. Nc3 Nc6 4. Nf3 Nd4 5. d3 Ne7 6. g3 Nxf3+ 7. Qxf3 Nc6 8. Bg2
Be7 9. O-O O-O 10. Be3 d6 11. Qd1 a6 12. Ne2 e5 13. Nc3 Bg5 14. f4 exf4 15. Bxf4
Be6 16. Qd2 h6 17. Rae1 Ne5 18. b3 Rb8 19. Bxg5 Qxg5 20. Qxg5 hxg5 21. Rd1 Nc6
22. h3 b5 23. Kh2 Rfe8 24. Rd2 g6 25. Ne2 Kg7 26. Ng1 Rh8 27. Rdf2 Ne5 28. Bf3
Nxd3 29. Rd2 bxc4 30. bxc4 Ne5 31. Rxd6 Rb2+ 32. Kh1 Bxh3 0-1

[Event "ch-RUS Rapid Women 2017"]
[Site "Sochi RUS"]
[Date "2017.09.30"]
[Round "1.11"]
[White "Ambartsumova, Karina"]
[Black "Belkova, Diana"]
[Result "1-0"]
[WhiteTitle "WGM"]
[WhiteElo "2359"]
[BlackElo "1962"]
[WhiteFideId "4166299"]
[BlackFideId "34102849"]
[EventDate "2017.09.30"]

1. d4 Nf6 2. Nf3 c5 3. d5 b5 4. Bg5 Qb6 5. Bxf6 Qxf6 6. c3 g6 7. e4 a6 8. a4 b4
9. Be2 d6 10. O-O Bg7 11. h3 O-O 12. Qc2 a5 13. Rc1 Nd7 14. Nbd2 Ne5 15. Nxe5
Qxe5 16. Nc4 Qg5 17. Qd2 Qh4 18. f4 Bh6 19. Rf1 g5 20. fxg5 Bxg5 21. Qd3 Ba6 22.
Bg4 Rfb8 23. Rab1 Bxc4 24. Qxc4 Qg3 25. Rf3 Qe5 26. Rf5 Qg7 27. Rbf1 Bf6 28. e5
dxe5 29. d6 bxc3 30. bxc3 Rb6 31. dxe7 Re8 32. Qxc5 Re6 33. Qb5 R8xe7 34. Rxf6 1-0

[Event "ch-RUS Rapid Women 2017"]
[Site "Sochi RUS"]
[Date "2017.09.30"]
[Round "1.12"]
[White "Chan, Naruna"]
[Black "Ubiennykh, Ekaterina"]
[Result "0-1"]
[BlackTitle "WIM"]
[WhiteElo "1951"]
[BlackElo "2308"]
[WhiteFideId "24124290"]
[BlackFideId "4137582"]
[EventDate "2017.09.30"]

1. e4 c6 2. d4 d5 3. Nc3 dxe4 4. Nxe4 Bf5 5. Ng3 Bg6 6. h4 h6 7. h5 Bh7 8. Nf3
Nd7 9. Bd3 Bxd3 10. Qxd3 e6 11. O-O Ngf6 12. c4 Qc7 13. c5 O-O-O 14. Qc2 Nd5 15.
Bd2 Be7 16. b4 Rdg8 17. a4 g6 18. b5 gxh5 19. Nxh5 Rg4 20. Rae1 Rhg8 21. Ng3 h5
22. Re4 h4 23. Rxg4 Rxg4 24. Ne2 f5 25. Qd3 Bf6 26. a5 cxb5 27. Qxb5 a6 28. Qd3
Nb8 29. Nh2 Rg8 30. Nc3 Qg7 31. Qh3 Nxc3 32. Bxc3 Nc6 33. d5 exd5 34. Bxf6 Qxf6
35. Nf3 Rg4 36. Rd1 d4 37. Qh2 Qe7 38. Re1 Qxc5 39. Nxh4 Re4 40. Rf1 d3 41. Nf3
Re8 42. Qf4 Qxa5 43. Rd1 Qd5 44. Qd2 Rd8 45. Rb1 Rd7 46. Qc3 Kb8 47. Qb2 Ka8 48.
Qb6 Rg7 49. Kf1 d2 50. Qe3 d1=Q+ 0-1

[Event "ch-RUS Rapid Women 2017"]
[Site "Sochi RUS"]
[Date "2017.09.30"]
[Round "1.13"]
[White "Charochkina, Daria"]
[Black "Afanasieva, Alexandra"]
[Result "1-0"]
[WhiteTitle "IM"]
[BlackTitle "WFM"]
[WhiteElo "2339"]
[BlackElo "2112"]
[WhiteFideId "4180917"]
[BlackFideId "34126926"]
[EventDate "2017.09.30"]

1. d4 Nf6 2. Bf4 d5 3. e3 e6 4. Nd2 Bd6 5. Bg3 O-O 6. Bd3 c5 7. c3 Nc6 8. Ngf3
b6 9. Ne5 Bb7 10. f4 Ne7 11. Bh4 Ne4 12. Nxe4 dxe4 13. Bc2 f6 14. dxc5 Bxc5 15.
Nd7 Rf7 16. Nxc5 bxc5 17. Bb3 Bd5 18. c4 Bb7 19. g4 Ng6 20. Bg3 Rd7 21. Qc1 Qa5+
22. Ke2 Rad8 23. Rd1 Rxd1 24. Bxd1 Ne7 25. Bc2 Qb4 26. b3 f5 27. Be1 Qb6 28. Bc3
Nc6 29. gxf5 exf5 30. Qg1 Nd4+ 31. exd4 cxd4 32. Rd1 d3+ 33. Kf1 Qh6 34. Qg3 Rd6
35. Bxd3 exd3 36. Rxd3 Rxd3 37. Qxd3 Qxf4+ 38. Ke1 Qe4+ 39. Qxe4 Bxe4 40. b4 Kf7
41. Kd2 g5 42. Ke3 Ke6 43. b5 Bb7 44. Kd4 f4 45. c5 g4 46. Bd2 f3 47. Be1 h5 48.
c6 Bc8 49. a4 Kd6 50. Bg3+ Ke7 51. a5 1-0

[Event "ch-RUS Rapid Women 2017"]
[Site "Sochi RUS"]
[Date "2017.09.30"]
[Round "1.14"]
[White "Stepanyan, Eva"]
[Black "Drozdova, Dina"]
[Result "0-1"]
[WhiteTitle "WCM"]
[BlackTitle "WIM"]
[WhiteElo "1927"]
[BlackElo "2223"]
[WhiteFideId "34165980"]
[BlackFideId "4170695"]
[EventDate "2017.09.30"]

1. e4 d6 2. d4 Nf6 3. Nc3 e5 4. Nf3 Nbd7 5. Bc4 Be7 6. O-O O-O 7. Re1 c6 8. a4
h6 9. b3 Re8 10. Bb2 Bf8 11. h3 Nh7 12. Qd2 Qf6 13. Ne2 g6 14. Ng3 Ng5 15. Nh2
h5 16. h4 Ne6 17. Bxe6 Rxe6 18. Nf3 Re8 19. c4 exd4 20. Bxd4 Ne5 21. Ng5 Qe7 22.
f4 Ng4 23. f5 Bg7 24. Rad1 Ne5 25. Bc3 c5 26. Kh1 Ng4 27. Bxg7 Kxg7 28. Re2 Bd7
29. Qxd6 Bc6 30. Qxe7 Rxe7 31. fxg6 fxg6 32. Rde1 Rae8 33. Kg1 Ne5 34. Nf3 Nd3
35. Rd1 Nf4 36. Ree1 Bxe4 37. Nxe4 Rxe4 38. Rxe4 Rxe4 39. Rd7+ Kf6 40. Rf7+ Kxf7
41. Ng5+ Ke7 42. Nxe4 b6 43. Kf2 Ne6 44. Ke3 Nd4 45. Nd2 Nf5+ 46. Kf4 Nxh4 47.
Kg5 Nxg2 48. Kxg6 h4 49. Kg5 h3 50. Nf3 Ne1 51. Nh2 Nd3 52. Kh4 Nc1 53. Kxh3
Nxb3 54. Nf1 Ke6 55. Kg4 Ke5 56. Kf3 Kd4 57. Ne3 Nd2+ 58. Ke2 Nxc4 59. Nd1 Nd6
60. Kd2 Kc4 61. Kc2 Kb4 62. Nc3 Nc4 63. Nb5 Na3+ 64. Nxa3 Kxa3 65. a5 b5 0-1

[Event "ch-RUS Rapid Women 2017"]
[Site "Sochi RUS"]
[Date "2017.09.30"]
[Round "1.15"]
[White "Tomilova, Elena"]
[Black "Gosteeva, Anna"]
[Result "1-0"]
[WhiteTitle "WIM"]
[WhiteElo "2307"]
[BlackElo "1819"]
[WhiteFideId "4162340"]
[BlackFideId "24173819"]
[EventDate "2017.09.30"]

1. c4 c6 2. Nf3 Nf6 3. Nc3 d5 4. e3 e6 5. Qc2 Be7 6. b3 Nbd7 7. Bb2 b6 8. Be2
Bb7 9. Rg1 c5 10. g4 Qc7 11. g5 Ne4 12. cxd5 exd5 13. Nb5 Qd8 14. d3 Nd6 15.
Nxd6+ Bxd6 16. Bxg7 Rg8 17. Bb2 Qc7 18. h4 Ne5 19. Nxe5 Bxe5 20. d4 cxd4 21.
Qxh7 Rh8 22. Qf5 Rxh4 23. g6 fxg6 24. Qxg6+ Kd8 25. Qg8+ Kd7 26. Qf7+ Kd6 27.
Ba3+ 1-0

[Event "ch-RUS Rapid Women 2017"]
[Site "Sochi RUS"]
[Date "2017.09.30"]
[Round "1.16"]
[White "Garifullina, Leya"]
[Black "Bivol, Alina"]
[Result "0-1"]
[WhiteTitle "WCM"]
[BlackTitle "WGM"]
[WhiteElo "1970"]
[BlackElo "2375"]
[WhiteFideId "34127035"]
[BlackFideId "4100123"]
[EventDate "2017.09.30"]

1. e4 e6 2. d4 d5 3. Nc3 Bb4 4. e5 c5 5. a3 Bxc3+ 6. bxc3 Qa5 7. Bd2 Qa4 8. Qg4
Kf8 9. Qd1 b6 10. dxc5 bxc5 11. c4 Ba6 12. cxd5 Bxf1 13. Kxf1 exd5 14. Nf3 Nd7
15. c3 Qc6 16. h4 Re8 17. Bf4 h6 18. h5 Re6 19. Rh4 Ne7 20. Bh2 g5 21. hxg6 Rxg6
22. Rh5 Rhg8 23. Bg3 Qe6 24. Qc2 Rg4 25. Re1 Qg6 26. Qxg6 R8xg6 27. Nh4 Re6 28.
Nf5 Nxf5 29. Rxf5 Nb6 30. Re3 Nc4 31. Rd3 Ke8 32. Kg1 d4 33. Bf4 Nb2 34. Rh3
Reg6 35. cxd4 Rxg2+ 36. Kf1 cxd4 37. Rb3 Rg1+ 38. Ke2 d3+ 39. Kf3 Rb6 40. Rc3
Rb7 41. Rf6 Rg6 42. Rxg6 fxg6 43. Bc1 Rd7 44. e6 Rd8 45. Bd2 g5 46. Rc7 Rd6 47.
e7 Rd7 48. Rxd7 Kxd7 49. Bb4 Nc4 50. a4 a5 51. Bc5 h5 52. Be3 g4+ 53. Ke4 d2 54.
Bxd2 Nxd2+ 55. Kf5 Kxe7 56. Kg5 Ne4+ 57. Kxh5 Nxf2 58. Kh4 Kd6 59. Kg3 Nd3 60.
Kxg4 Kc5 0-1

[Event "ch-RUS Rapid Women 2017"]
[Site "Sochi RUS"]
[Date "2017.09.30"]
[Round "2.1"]
[White "Goryachkina, Aleksandra"]
[Black "Nebolsina, Vera"]
[Result "1/2-1/2"]
[WhiteTitle "WGM"]
[BlackTitle "WGM"]
[WhiteElo "2478"]
[BlackElo "2220"]
[WhiteFideId "4147103"]
[BlackFideId "4163591"]
[EventDate "2017.09.30"]

1. e4 c5 2. Nf3 d6 3. Bb5+ Nd7 4. a4 Nf6 5. Nc3 g6 6. O-O Bg7 7. a5 a6 8. Be2 e5
9. Bc4 O-O 10. d3 Nb8 11. Bd2 Nc6 12. Nd5 Nxd5 13. Bxd5 Be6 14. Bg5 Qd7 15. c3
h6 16. Bd2 Kh7 17. Qa4 Bg4 18. Qd1 f5 19. h3 Bh5 20. exf5 gxf5 21. Nxe5 dxe5 22.
Bxc6 Bxd1 23. Bxd7 Be2 24. Rfe1 Bxd3 25. Be6 Rad8 26. Be3 Rf6 27. Ba2 Rc6 28. f3
Bf6 29. Rad1 c4 30. Bb6 Rg8 31. b3 e4 32. bxc4 Bxc3 33. fxe4 Bxe1 34. Rxd3 fxe4
35. Re3 Rcg6 36. g4 Bb4 37. Rxe4 Rxb6 38. axb6 Bc5+ 39. Kg2 Rd8 40. Re2 Rd7 41.
Bb1+ Kg7 42. Be4 Re7 43. Kf3 Kf6 44. Rd2 Bxb6 45. Rd6+ Re6 46. Rxe6+ Kxe6 47.
Bxb7 a5 48. Ke4 a4 49. Bd5+ Kf6 50. h4 a3 51. c5 Bxc5 52. g5+ 1/2-1/2

[Event "ch-RUS Rapid Women 2017"]
[Site "Sochi RUS"]
[Date "2017.09.30"]
[Round "2.2"]
[White "Styazhkina, Anna"]
[Black "Voit, Daria"]
[Result "0-1"]
[WhiteTitle "WIM"]
[BlackTitle "FM"]
[WhiteElo "2301"]
[BlackElo "2387"]
[WhiteFideId "24119300"]
[BlackFideId "4182146"]
[EventDate "2017.09.30"]

1. e4 c5 2. Nf3 g6 3. d4 cxd4 4. Nxd4 Nf6 5. Nc3 d6 6. Be3 Bg7 7. f3 O-O 8. Qd2
Nc6 9. Bc4 Bd7 10. O-O-O Rb8 11. g4 Na5 12. Be2 b5 13. Bh6 Bxh6 14. Qxh6 b4 15.
Nd5 e5 16. Nf5 Bxf5 17. gxf5 Nxd5 18. Rxd5 Nc6 19. Bc4 Kh8 20. h4 Nd4 21. f4 Rc8
22. Bd3 Qe7 23. h5 gxf5 24. Rxd6 f6 25. fxe5 fxe5 26. Rd5 f4 27. Qa6 f3 28. Qa5
Qg5+ 29. Kb1 f2 30. Rf1 Qd2 31. a3 Nxc2 32. Bxc2 Qxc2+ 33. Ka1 Qc1+ 34. Rxc1
Rxc1+ 35. Ka2 f1=Q 0-1

[Event "ch-RUS Rapid Women 2017"]
[Site "Sochi RUS"]
[Date "2017.09.30"]
[Round "2.3"]
[White "Bodnaruk, Anastasia"]
[Black "Maltsevskaya, Aleksandra"]
[Result "1/2-1/2"]
[WhiteTitle "IM"]
[WhiteElo "2432"]
[BlackElo "2271"]
[WhiteFideId "4181751"]
[BlackFideId "24174041"]
[EventDate "2017.09.30"]

1. e4 c5 2. Nf3 e6 3. Nc3 Nc6 4. d4 cxd4 5. Nxd4 a6 6. Be2 d6 7. Be3 Nf6 8. O-O
Be7 9. f4 O-O 10. Kh1 Nxd4 11. Bxd4 b5 12. e5 dxe5 13. fxe5 Nd5 14. Ne4 Bb7 15.
Bd3 Nb4 16. Nf6+ Bxf6 17. exf6 Qd5 18. Qg4 g6 19. Rf3 Rfd8 20. Bb6 Qd6 21. Bxd8
Bxf3 22. Qxf3 Rxd8 23. Be4 Qe5 24. Rf1 Nd5 25. h3 Rc8 26. c3 Rc4 27. Bxd5 exd5
28. Qf2 Re4 29. Qb6 Qe8 30. Qd6 Re5 31. Kh2 h5 32. Qxa6 Re2 33. Qd6 Qe4 34. Qg3
h4 35. Qg5 Rxb2 36. Rd1 Rf2 37. Rxd5 Rxf6 38. Rxb5 Re6 39. Rd5 Re8 40. Rd8 Rxd8
41. Qxd8+ Kh7 42. Qd4 Qe1 43. Qf4 Qxc3 44. Qxf7+ Kh6 45. Qf4+ g5 46. Qd6+ Kh5
47. a4 Qa5 48. Qd1+ Kh6 49. Kh1 Qe5 50. Qb1 Qa5 51. Qa1 Kg6 52. Kg1 Qc5+ 53. Kh2
Qc7+ 54. Kh1 Qa5 55. Qb1+ Kh6 56. Qe4 Qc5 57. Qe6+ Kg7 58. Qe1 Qa3 59. a5 Kg6
60. Qe6+ Kg7 61. Qe5+ Kg6 62. Qe4+ Kh6 63. Qc6+ Kg7 64. Qb7+ Kh6 65. Qc6+ Kg7
66. a6 Qa1+ 67. Kh2 Qe5+ 68. Kg1 Qe1+ 69. Kh2 Qg3+ 1/2-1/2

[Event "ch-RUS Rapid Women 2017"]
[Site "Sochi RUS"]
[Date "2017.09.30"]
[Round "2.4"]
[White "Belenkaya, Dina"]
[Black "Nechaeva, Marina"]
[Result "0-1"]
[WhiteTitle "WGM"]
[BlackTitle "IM"]
[WhiteElo "2346"]
[BlackElo "2431"]
[WhiteFideId "24142654"]
[BlackFideId "4149351"]
[EventDate "2017.09.30"]

1. e4 c5 2. Nf3 d6 3. Bb5+ Nc6 4. O-O Bd7 5. Re1 Nf6 6. c3 a6 7. Bc4 Bg4 8. d4
cxd4 9. cxd4 Bxf3 10. gxf3 e5 11. d5 Ne7 12. f4 Rc8 13. Na3 g6 14. fxe5 dxe5 15.
f4 exf4 16. d6 Qb6+ 17. Kh1 Rd8 18. Qa4+ Nc6 19. e5 Nh5 20. Bxf4 Qb4 21. Qxb4
Nxb4 22. Bg5 Rd7 23. Rad1 h6 24. e6 Rxd6 25. e7 Rxd1 26. Bxf7+ Kxf7 27. e8=Q+
Kg7 28. Qe5+ Kh7 29. Rxd1 hxg5 30. Rd7+ Bg7 31. Qe4 a5 32. Nc4 Rf8 33. Ne5 Rf5
34. a3 Nc6 35. Nxc6 bxc6 36. Qxc6 g4 37. Qc7 Kh6 38. Qc1+ Kh7 39. b4 axb4 40.
axb4 g3 41. hxg3 Nxg3+ 42. Kg2 Nh5 43. Rb7 Nf4+ 44. Qxf4 Rxf4 45. b5 Rb4 46. b6
Kh6 47. Rb8 Be5 48. Re8 Bd4 49. Re4 Rb2+ 50. Kf3 Bxb6 51. Kg4 Rd2 52. Re8 Rd4+
53. Kf3 Bc7 54. Rh8+ Kg5 55. Rc8 Be5 56. Rc5 Kf5 57. Rb5 Rd3+ 58. Ke2 Ra3 59.
Kf2 g5 60. Kg2 Re3 61. Ra5 Kf4 62. Ra4+ Re4 63. Ra3 g4 64. Ra2 Rb4 65. Rf2+ Kg5
66. Re2 Rb2 67. Rxb2 Bxb2 68. Kg3 Be5+ 69. Kg2 Kf4 70. Kh2 Kf3+ 71. Kg1 g3 0-1

[Event "ch-RUS Rapid Women 2017"]
[Site "Sochi RUS"]
[Date "2017.09.30"]
[Round "2.5"]
[White "Kashlinskaya, Alina"]
[Black "Bykova, Anastasia"]
[Result "1-0"]
[WhiteTitle "IM"]
[BlackTitle "WFM"]
[WhiteElo "2446"]
[BlackElo "2234"]
[WhiteFideId "4198026"]
[BlackFideId "4164970"]
[EventDate "2017.09.30"]

1. d4 d5 2. c4 c6 3. Nf3 Nf6 4. Nc3 dxc4 5. a4 Bf5 6. e3 e6 7. Bxc4 Bb4 8. O-O
Nbd7 9. Qe2 Bg6 10. e4 Bh5 11. Rd1 O-O 12. h3 Qc7 13. Bd2 a5 14. Rac1 Rad8 15.
e5 Bxc3 16. bxc3 Nd5 17. Bd3 Bg6 18. Ng5 Ne7 19. Bxg6 Nxg6 20. Qh5 h6 21. Nxe6
fxe6 22. Qxg6 Rde8 23. Bxh6 Nb6 24. Rd3 Nxa4 25. Rg3 Rf7 26. Bxg7 1-0